Študenti z územia dnešného Slovenska, ktorí študovali na Univerzite v Padove v rokoch 1359-1995 [diplomová práca]

Bibliographic Details
Main Author: Štulrajterová, Katarína (Author)
Format: Book
Language:Slovak
PhysicalDescription:217 s. 30 cm
Published: Bratislava Filozofická fakulta Univerzity Komenského 1996
Subjects:

MARC

LEADER 00000nam a2200000 a 4500
001 vtls001484670
003 SK-MaSNL
005 20260302073727.0
008 240313s1996 xo f m 00100 slo
035 |a SNK000439964 
040 |a SNK  |b slo  |c SNK  |e AACR2 
041 |a slo 
043 |a e-xo---  |a e-it--- 
044 |a xo  |c SK 
072 7 |a 378  |x Vysoké školy  |2 konspekt 
080 |a 378.011.3-052  |2 MDT-MRF 
080 |a 378  |2 MDT-MRF 
080 |a (437.6)  |2 MDT-MRF 
080 |a (450)  |2 MDT-MRF 
080 |a (043)378.2  |2 MDT-MRF 
100 1 |a Štulrajterová, Katarína  |4 aut  |9 11442 
245 1 0 |a Študenti z územia dnešného Slovenska, ktorí študovali na Univerzite v Padove v rokoch 1359-1995  |b [diplomová práca]  |c Katarína Štulrajterová 
260 |a Bratislava  |b Filozofická fakulta Univerzity Komenského  |c 1996 
300 |a 217 s.  |c 30 cm 
500 |a Men. reg. 
504 |a Bibliografia s. 210-217 
610 2 7 |a Univerzita Padova (Taliansko)  |y 1359-1995  |2 SNKPH  |9 738489 
648 7 |a 1359-1995  |2 SNK  |9 738490 
650 0 7 |a vysokoškolskí študenti  |2 SNKPH  |9 3981 
650 0 7 |a vysokoškolské štúdium  |2 SNKPH  |9 4044 
651 7 |a Padova (Taliansko)  |2 SNKPHgeo  |9 30085 
655 7 |a diplomové práce  |2 SNKPH  |9 70156 
999 |c 1162076  |d 1164006 
952 |t P60, <03>, [BOOK], {603}, -K-  |a SNK  |b SNK  |y PREZ  |7 0  |p 17A0448773  |o snkDIP 582  |i snkD 1337/2004  |8 1  |0 0  |1 0  |4 0  |d 2004-11-03  |l 0  |r 2005-01-02 00:00:00  |w 2026-02-24